00657nam a22001937a 450000500170000000800400001702000150005705000210007210000200009324500910011325000110020426000420021530000290025744000290028650000360031550000490035165000240040070000390042420151210154200.0151210b sp||||| |||| 00| 0 spa d a848076048604aSB453 bP43 19941 aPearson, Robert10aJardinería en espacios reducidos / cRobert Pearson ; tr. Maite Rodríguez Fischer. a1a ed. aBarcelona, España : bBlume, c1994 a64 p. : bil. ; c21 cm. 0aManuales Jardín Blume  aThe Royal Horticultural Society aTraducción de : Gardening in a small space 72LEMBaJardinería 1 aRodríguez Fischer, Maite, etr.